000 00965nam a2200265Ia 4500
003 OSt
005 20220930072746.0
006 a|||||r|||| 00| 0
007 ta
008 220926b |||||||| |||| 00| 0 eng d
024 _a24879
037 _cTheses
040 _aCRL
_cCRL
_beng
041 _2eng
_aeng
100 _aSaksena Rajesh Kumar
_9530381
110 _aUniversity of Delhi. Faculty of Medical Sciences. Department of Preventive and Social Medicine
_9519254
245 0 _aSexually transmitted diseases in men attending a peripheral health centre in a resettlement colony of East Delhi
260 _c1998
300 _a88p.
_ap.
_ccm.
650 _aCOMMUNITY HEALTH SERVICES
700 _a Dr Pushpa Gupta Supervisor
_9524436
700 _aUniversity of Delhi. Faculty of Medical Sciences. Department of Preventive and Social Medicine
_9519256
942 _cDIS
_2CC
999 _c864281
_d864281